Managing risk in construction projects / (Record no. 7536)
[ view plain ]
| 000 -LEADER | |
|---|---|
| fixed length control field | 01354nac a22003371u 4500 |
| 010 ## - LIBRARY OF CONGRESS CONTROL NUMBER | |
| LC control number | 2005010452 |
| 020 ## - INTERNATIONAL STANDARD BOOK NUMBER | |
| International Standard Book Number | 1405130121 (alk. paper) |
| 020 ## - INTERNATIONAL STANDARD BOOK NUMBER | |
| International Standard Book Number | 9781405130127 |
| 035 ## - SYSTEM CONTROL NUMBER | |
| System control number | (OCoLC)ocm59148265 |
| 082 00 - DEWEY DECIMAL CLASSIFICATION NUMBER | |
| Classification number | 690.068 |
| Item number | SMI |
| 090 ## - LOCALLY ASSIGNED LC-TYPE CALL NUMBER (OCLC); LOCAL CALL NUMBER (OCLC) | |
| -- | 7536 |
| -- | 7536 |
| 100 ## - MAIN ENTRY--PERSONAL NAME | |
| Personal name | Smith, Nigel J. |
| 245 10 - TITLE STATEMENT | |
| Title | Managing risk in construction projects / |
| Statement of responsibility, etc | Nigel J. Smith, Tony Merna, Paul Jobling. |
| 250 ## - EDITION STATEMENT | |
| Edition statement | 2nd ed. |
| 260 ## - PUBLICATION, DISTRIBUTION, ETC. (IMPRINT) | |
| Place of publication, distribution, etc | Oxford ; |
| -- | Malden, MA : |
| Name of publisher, distributor, etc | Blackwell Pub.,2006 |
| Date of publication, distribution, etc | 2006. |
| 300 ## - PHYSICAL DESCRIPTION | |
| Extent | xii, 244 p. : |
| Other physical details | ill. ; |
| Dimensions | 25 cm. |
| 500 ## - GENERAL NOTE | |
| General note | Includes index. |
| 500 ## - GENERAL NOTE | |
| General note | distributer: Al-Ahram |
| 511 ## - PARTICIPANT OR PERFORMER NOTE | |
| Participant or performer note | catalogued by: wessam |
| 650 #0 - SUBJECT ADDED ENTRY--TOPICAL TERM | |
| Topical term or geographic name as entry element | Building |
| General subdivision | Superintendence. |
| 650 #0 - SUBJECT ADDED ENTRY--TOPICAL TERM | |
| Topical term or geographic name as entry element | Building |
| General subdivision | Safety measures. |
| 650 #0 - SUBJECT ADDED ENTRY--TOPICAL TERM | |
| Topical term or geographic name as entry element | Construction industry |
| General subdivision | Management. |
| 650 #0 - SUBJECT ADDED ENTRY--TOPICAL TERM | |
| Topical term or geographic name as entry element | Risk assessment. |
| 700 1# - ADDED ENTRY--PERSONAL NAME | |
| Personal name | Merna, Tony. |
| 700 1# - ADDED ENTRY--PERSONAL NAME | |
| Personal name | Jobling, Paul, |
| Dates associated with a name | 1955- |
| 856 41 - ELECTRONIC LOCATION AND ACCESS | |
| Materials specified | Table of contents |
| Uniform Resource Identifier | <a href="http://www.loc.gov/catdir/toc/ecip0511/2005010452.html">http://www.loc.gov/catdir/toc/ecip0511/2005010452.html</a> |
| 856 41 - ELECTRONIC LOCATION AND ACCESS | |
| Materials specified | Contributor biographical information |
| Uniform Resource Identifier | <a href="http://www.loc.gov/catdir/enhancements/fy0802/2005010452-b.html">http://www.loc.gov/catdir/enhancements/fy0802/2005010452-b.html</a> |
| 856 41 - ELECTRONIC LOCATION AND ACCESS | |
| Materials specified | Publisher description |
| Uniform Resource Identifier | <a href="http://www.loc.gov/catdir/enhancements/fy0802/2005010452-d.html">http://www.loc.gov/catdir/enhancements/fy0802/2005010452-d.html</a> |
| 942 ## - ADDED ENTRY ELEMENTS (KOHA) | |
| Item type | Book - Borrowing |
| Call number prefix | 690.068SMI |
| Withdrawn status | Item status | Damaged status | Not for loan | Home library | Current library | Shelving location | Date acquired | Source of acquisition | Total Checkouts | Total Renewals | Full call number | Barcode | Date last seen | Date last borrowed | Koha item type |
|---|---|---|---|---|---|---|---|---|---|---|---|---|---|---|---|
| Central Library | Central Library | First floor | 28/01/2008 | Purchase | 6 | 19 | 690.068SMI | 000008939 | 15/07/2025 | 18/10/2017 | Book - Borrowing |